Indirect taxes : (Record no. 125992)
[ view plain ]
| 000 -LEADER | |
|---|---|
| fixed length control field | 00683nam a22002177a 4500 |
| 005 - DATE AND TIME OF LATEST TRANSACTION | |
| control field | 20170124110003.0 |
| 010 ## - LIBRARY OF CONGRESS CONTROL NUMBER | |
| LC control number | B-047048 |
| 020 ## - INTERNATIONAL STANDARD BOOK NUMBER | |
| Terms of availability | 270.00 |
| International Standard Book Number | 8171942628 |
| 035 ## - SYSTEM CONTROL NUMBER | |
| System control number | B-047048 |
| 037 ## - SOURCE OF ACQUISITION | |
| Source of stock number/acquisition | Cen Lib/Ret |
| 040 ## - CATALOGING SOURCE | |
| Original cataloging agency | DPL |
| Language of cataloging | EN |
| 082 ## - DEWEY DECIMAL CLASSIFICATION NUMBER | |
| Classification number | 343.54055 |
| Item number | DAT |
| 100 ## - MAIN ENTRY--PERSONAL NAME | |
| Personal name | Datey, V. S |
| 9 (RLIN) | 15744 |
| 245 ## - TITLE STATEMENT | |
| Title | Indirect taxes : |
| Statement of responsibility, etc | by V. S. Datey |
| Remainder of title | law and practice / |
| 260 ## - PUBLICATION, DISTRIBUTION, ETC. (IMPRINT) | |
| Place of publication, distribution, etc | New Delhi |
| Name of publisher, distributor, etc | Taxmann Publications |
| Date of publication, distribution, etc | 2002 |
| 270 ## - ADDRESS | |
| Address | 59/32, Rahtak Road |
| City | New Delhi |
| Postal code | 110005 |
| 300 ## - PHYSICAL DESCRIPTION | |
| Extent | Various pages |
| Dimensions | 22cm(Hb) |
| 650 ## - SUBJECT ADDED ENTRY--TOPICAL TERM | |
| Topical term or geographic name as entry element | Taxation--Law and legislation |
| 9 (RLIN) | 16222 |
| 650 ## - SUBJECT ADDED ENTRY--TOPICAL TERM | |
| Topical term or geographic name as entry element | Indirect taxation--Law and legislation |
| 9 (RLIN) | 16223 |
| 942 ## - ADDED ENTRY ELEMENTS (KOHA) | |
| Source of classification or shelving scheme | Dewey Decimal Classification |
| Koha item type | English Books |
| Classification part | 343.54055 |
| Call number suffix | DAT |
| Withdrawn status | Lost status | Damaged status | Not for loan | Home library | Current library | Date acquired | Source of acquisition | Cost, normal purchase price | Total Checkouts | Full call number | Barcode | Date last seen | Copy number | Cost, replacement price | Price effective from | Koha item type |
|---|---|---|---|---|---|---|---|---|---|---|---|---|---|---|---|---|
| Central Library | Central Library | 24/06/2015 | Cen Lib/Ret | 270.00 | 343.54055 DAT | B-047048 | 24/06/2015 | 1 | 270.00 | 24/06/2015 | English Books |
